Breaking through limitations

Bibliographic Details
Main Author: Kanary, John
Format: Book
Published: Singapore : The Educated Mind , 2005.
Subjects:

MARC

LEADER 00000cam a2200000 7i4500
001 0000003622
005 20080114.0
020 0 0 |a 9810537662 
090 0 0 |a 158.1   |b KAN 
100 1 0 |a Kanary, John. 
245 1 0 |a Breaking through limitations   |c by John Kanary. 
260 0 0 |a Singapore :   |b The Educated Mind ,   |c 2005. 
300 |a 233 p. ;   |c 22 cm. 
650 0 0 |a Self-actualization (Psychology) 
650 0 0 |a Success Psychological aspects. 
999 |a 0000006871   |b Monograph   |c Open Shelf   |e Default branch